PPP projekty ako alternatívna možnosť financovania verejných potrieb

Definícia projektu PPP - Public Private Partnership. Projekt PPP vzniká vstupom verejnej a súkromnej organizácie do parnerstva za účelom vybudovania infraštruktúry a poskytovania služieb sektorom verejnej správy. Rôzne typy zmlúv PPP projektov. PPP projekty na Slovensku. Budúcnosť PPP projektov na S...

Ausführliche Beschreibung

Gespeichert in:
Bibliographische Detailangaben
1. Verfasser: Tučník, Miroslav
Format: Buchkapitel
Sprache:Slowakisch
Schlagworte:
Tags: Tag hinzufügen
Keine Tags, Fügen Sie das erste Tag hinzu!

MARC

LEADER 00000naa$a2200000$$$4500
001 0048801
005 20240611084630.1
041 0 |a slo 
044 |a SK 
245 1 0 |a PPP projekty ako alternatívna možnosť financovania verejných potrieb  |c Miroslav Tučník 
520 |a Definícia projektu PPP - Public Private Partnership. Projekt PPP vzniká vstupom verejnej a súkromnej organizácie do parnerstva za účelom vybudovania infraštruktúry a poskytovania služieb sektorom verejnej správy. Rôzne typy zmlúv PPP projektov. PPP projekty na Slovensku. Budúcnosť PPP projektov na Slovensku pri budovaní diaľníc a rýchlociest. 
610 2 0 |a partnerstvo verejno-súkromné 
610 2 0 |a financovanie projektové 
610 2 0 |a diaľnice 
610 2 0 |a riziko finančné 
610 2 0 |a infraštruktúra 
610 2 0 |a správa verejná 
610 2 0 |a obstarávanie verejné 
610 2 0 |a stavby verejnoprospešné 
610 2 0 |a Slovensko 
100 1 |a Tučník, Miroslav